| 000 | 00804nam a2200253 a 4500 | ||
|---|---|---|---|
| 001 | 17259 | ||
| 003 | BD-RjUL | ||
| 005 | 20211209000118.0 | ||
| 008 | 140216s1962 ii 001 0 eng d | ||
| 035 | _a(BD-RjUL)17317 | ||
| 040 |
_aADFA _beng _cADFA _dBD-RjUL |
||
| 041 | _aeng | ||
| 082 | 1 | 4 |
_a338.954 _bROS 1962 _219 |
| 100 | 1 |
_aRosen, George, _d1920- _913457 |
|
| 245 | 1 | 0 |
_aSome aspects of industrial finance in India / _cby George Rosen. |
| 260 |
_aBombay ; _aCalcutta : _bAsia publishing house, _c1962. |
||
| 300 |
_axvi, 144 p. ; _c22 cm. |
||
| 504 | _aIncludes index. | ||
| 650 | 0 |
_aFinance _zIndia. _953215 |
|
| 650 | 0 |
_aBanks and banking _zIndia. _99960 |
|
| 710 | 2 |
_aMassachusetts Institute of Technology. _bCenter for International Studies. _97315 |
|
| 942 |
_2ddc _cBK |
||
| 999 |
_c17259 _d17259 |
||